Estrago/ (Record no. 3800)

MARC details
000 -LEADER
campo de control de longitud fija 01409nam a22004217a 4500
003 - IDENTIFICADOR DE NÚMERO DE CONTROL
campo de control OSt
005 - FECHA Y HORA DE LA ÚLTIMA TRANSACCIÓN
campo de control 20230607102712.0
008 - DATOS DE LONGITUD FIJA--INFORMACIÓN GENERAL
campo de control de longitud fija 221006b |||||||| |||| 00| 0 eng d
040 ## - FUENTE DE CATALOGACIÓN
Centro/agencia transcriptor Biblioteca Lado V
082 ## - NÚMERO DE LA CLASIFICACIÓN DECIMAL DEWEY
Número de clasificación 800
Número de ítem Q7e
100 ## - ENTRADA PRINCIPAL--NOMBRE DE PERSONA
9 (RLIN) 842
Nombre de persona Quintanilla Armijo, Raúl
Término indicativo de función/relación editor
245 ## - MENCIÓN DEL TÍTULO
Título Estrago/
Resto del título pequeña unidad de agresión cooltural/
260 ## - PUBLICACIÓN, DISTRIBUCIÓN, ETC.
Lugar de publicación, distribución, etc. Nicaragua
Fecha de publicación, distribución, etc. 2006
Nombre del editor, distribuidor, etc. Garabatos
300 ## - DESCRIPCIÓN FÍSICA
Dimensiones 21x22cm
Extensión 100p.
366 ## - INFORMACIÓN SOBRE DISPONIBILIDAD COMERCIAL
Nota spa
490 ## - MENCIÓN DE SERIE
Mención de serie 3
Designación de volumen o secuencia 2006
505 ## - NOTA DE CONTENIDO CON FORMATO
Nota de contenido con formato Weichsellstrasse, 3:35 p.m.
505 ## - NOTA DE CONTENIDO CON FORMATO
Nota de contenido con formato Algunas veces he muerto
505 ## - NOTA DE CONTENIDO CON FORMATO
Nota de contenido con formato Ancestras
505 ## - NOTA DE CONTENIDO CON FORMATO
Nota de contenido con formato Detrás de la postal del tucán
505 ## - NOTA DE CONTENIDO CON FORMATO
Nota de contenido con formato Amado
505 ## - NOTA DE CONTENIDO CON FORMATO
Nota de contenido con formato Aves patagonica
505 ## - NOTA DE CONTENIDO CON FORMATO
Nota de contenido con formato Epistola para norbet
505 ## - NOTA DE CONTENIDO CON FORMATO
Nota de contenido con formato El hijo del conde se queda
505 ## - NOTA DE CONTENIDO CON FORMATO
Nota de contenido con formato La luna se asomo blanca
505 ## - NOTA DE CONTENIDO CON FORMATO
Nota de contenido con formato El espacio transcultural en la obra de Diego Romero
505 ## - NOTA DE CONTENIDO CON FORMATO
Nota de contenido con formato El caballito de mar y la coral
505 ## - NOTA DE CONTENIDO CON FORMATO
Nota de contenido con formato Trazos en el agua
505 ## - NOTA DE CONTENIDO CON FORMATO
Nota de contenido con formato Yo también quiero morir en un atentado terrorista
505 ## - NOTA DE CONTENIDO CON FORMATO
Nota de contenido con formato Espora
505 ## - NOTA DE CONTENIDO CON FORMATO
Nota de contenido con formato Estrago 3
650 ## - PUNTO DE ACCESO ADICIONAL DE MATERIA--TÉRMINO DE MATERIA
Fuente del encabezamiento o término Tesauro de Arte & Arquitectura
Término de materia o nombre geográfico como elemento de entrada ARTE
9 (RLIN) 703
650 ## - PUNTO DE ACCESO ADICIONAL DE MATERIA--TÉRMINO DE MATERIA
Fuente del encabezamiento o término Tesauro de Arte & Arquitectura
Término de materia o nombre geográfico como elemento de entrada Literatura
9 (RLIN) 702
650 ## - PUNTO DE ACCESO ADICIONAL DE MATERIA--TÉRMINO DE MATERIA
Fuente del encabezamiento o término Tesauro de Arte & Arquitectura
Término de materia o nombre geográfico como elemento de entrada POESIA
9 (RLIN) 702
650 ## - PUNTO DE ACCESO ADICIONAL DE MATERIA--TÉRMINO DE MATERIA
Fuente del encabezamiento o término Tesauro de Arte & Arquitectura
Término de materia o nombre geográfico como elemento de entrada NARRACION
650 ## - PUNTO DE ACCESO ADICIONAL DE MATERIA--TÉRMINO DE MATERIA
Fuente del encabezamiento o término Tesauro de Arte & Arquitectura
Término de materia o nombre geográfico como elemento de entrada ESPAÑOL
942 ## - ELEMENTOS DE ENTRADA SECUNDARIOS (KOHA)
Fuente del sistema de clasificación o colocación Clasificación Decimal Dewey
Tipo de ítem Koha Libros
Parte de la signatura que corresponde a la clasificación (Parte de la clasificación) 800
Parte de la signatura que identifica el ejemplar (Parte del ítem) Q7e
Suprimir en OPAC No
Holdings
Estatus retirado Estado de pérdida Fuente del sistema de clasificación o colocación Especificación de materiales (volumen encuadernado u otra parte) Estado de daño No para préstamo Colección Biblioteca de origen Biblioteca actual Fecha de adquisición Enumeración/cronología de publicación seriada Número de inventario Total de préstamos Signatura topográfica completa Código de barras Visto por última vez Precio de reemplazo Tipo de ítem Koha
    Clasificación Decimal Dewey 2006     Revistas Biblioteca LadoV Biblioteca LadoV 07/06/2023 3 003611   800 Q7e 003611 07/06/2023 07/06/2023 Libros
    Clasificación Decimal Dewey 2006     Revistas Biblioteca LadoV Biblioteca LadoV 07/06/2023 3 002963   800 Q7e 002963 28/06/2023 07/06/2023 Libros